<?xml version="1.0" encoding="UTF-8"?><?xml-stylesheet type="text/xsl" href="static/style.xsl"?><OAI-PMH xmlns="http://www.openarchives.org/OAI/2.0/" xmlns:xsi="http://www.w3.org/2001/XMLSchema-instance" xsi:schemaLocation="http://www.openarchives.org/OAI/2.0/ http://www.openarchives.org/OAI/2.0/OAI-PMH.xsd"><responseDate>2026-06-02T21:36:26Z</responseDate><request verb="GetRecord" identifier="oai:riuma.uma.es:10630/29524" metadataPrefix="marc">https://riuma.uma.es/rest/oai/request</request><GetRecord><record><header><identifier>oai:riuma.uma.es:10630/29524</identifier><datestamp>2026-02-03T11:36:56Z</datestamp><setSpec>com_10630_2254</setSpec><setSpec>col_10630_20092</setSpec></header><metadata><record xmlns="http://www.loc.gov/MARC21/slim" xmlns:dcterms="http://purl.org/dc/terms/" xmlns:doc="http://www.lyncode.com/xoai" xmlns:xsi="http://www.w3.org/2001/XMLSchema-instance" xsi:schemaLocation="http://www.loc.gov/MARC21/slim http://www.loc.gov/standards/marcxml/schema/MARC21slim.xsd">
   <leader>00925njm 22002777a 4500</leader>
   <datafield ind2=" " ind1=" " tag="042">
      <subfield code="a">dc</subfield>
   </datafield>
   <datafield ind2=" " ind1=" " tag="720">
      <subfield code="a">Yudes Gómez, Carolina</subfield>
      <subfield code="e">author</subfield>
   </datafield>
   <datafield ind2=" " ind1=" " tag="720">
      <subfield code="a">Chamizo-Nieto, María Teresa</subfield>
      <subfield code="e">author</subfield>
   </datafield>
   <datafield ind2=" " ind1=" " tag="720">
      <subfield code="a">Peláez-Fernández, María Ángeles</subfield>
      <subfield code="e">author</subfield>
   </datafield>
   <datafield ind2=" " ind1=" " tag="720">
      <subfield code="a">Extremera-Pacheco, Natalio</subfield>
      <subfield code="e">author</subfield>
   </datafield>
   <datafield ind2=" " ind1=" " tag="260">
      <subfield code="c">2024-01-31</subfield>
   </datafield>
   <datafield ind2=" " ind1=" " tag="520">
      <subfield code="a">The aim of this research was to explore whether perceived support from classmates moderates the relationship between core self-evaluations (CSE) and psychological well-being indicators among adolescents. The Core Self-Evaluations Scale, the Teacher and Classmate Support Scale, the Satisfaction with Life Scale, the Frequency of Suicidal Ideation Inventory, and the Depression, Anxiety, and Stress scales were administered to 2,883 Spanish adolescents (Mage = 14.07). Perceived classmate support moderated the relationship between CSE and life satisfaction, depressive symptoms, and suicidal ideation. These findings provide empirical support for theoretical and conceptual work connecting perceived classmate support, CSE, and psychological well-being among adolescents, suggesting that alone, but also in combination, these personal and social resources may be particularly relevant in helping to promote psychological well-being. Theoretical and practical implications of the joint study of these constructs and their relationship with psychological well-being in adolescents are discussed.</subfield>
   </datafield>
   <datafield ind1="8" ind2=" " tag="024">
      <subfield code="a">https://hdl.handle.net/10630/29524</subfield>
   </datafield>
   <datafield ind1="8" ind2=" " tag="024">
      <subfield code="a">10.24310/riuma.29524</subfield>
   </datafield>
   <datafield tag="653" ind2=" " ind1=" ">
      <subfield code="a">Adolescentes - Psicología</subfield>
   </datafield>
   <datafield tag="653" ind2=" " ind1=" ">
      <subfield code="a">Adolescentes -  Vida social y costumbres</subfield>
   </datafield>
   <datafield tag="653" ind2=" " ind1=" ">
      <subfield code="a">Estrés (Psicología)</subfield>
   </datafield>
   <datafield ind2="0" ind1="0" tag="245">
      <subfield code="a">Dataset Core Self Psychological Wellbeing Classmate Support</subfield>
   </datafield>
</record>
</metadata></record></GetRecord></OAI-PMH>